Historia del Diseño en América Latina y el Caribe: industrialización y comunicación visual para la autonomía

Gespeichert in:
Bibliographische Detailangaben
1. Verfasser: Fernández, Silvia (coordinadora)
Weitere Verfasser: Bonsiepe, Gui (coordinador)
Format: Unbekannt
Sprache:Englisch
Veröffentlicht: Sao Paulo, Brasil Blücher 2008
Schlagworte:
Tags: Tag hinzufügen
Keine Tags, Fügen Sie den ersten Tag hinzu!

MARC

LEADER 00000 a2200000 4500
003 CL-VaPUC
005 20211030074413.0
008 200401b ||||| |||| 00| 0 eng d
999 |c 423222  |d 423220 
020 |a 9788521204473 
040 |c Pontificia Universidad Católica de Valparaíso 
082 0 4 |2 21  |a 745.2 FER 2008 
100 1 |a Fernández, Silvia  |9 814297  |e coordinadora 
245 1 |a Historia del Diseño en América Latina y el Caribe: industrialización y comunicación visual para la autonomía 
260 3 |b Blücher  |c 2008  |a Sao Paulo, Brasil 
300 |a 371 páginas 
583 |k Hugo Gaete  |c 20200401 
650 1 |a HISTORIA DEL DISEÑO  |9 475486 
650 1 0 |a Diseño industrial  |9 262726 
650 1 0 |a Diseño gráfico  |9 266874 
700 1 |a Bonsiepe, Gui  |e coordinador  |9 814347 
942 |2 ddc  |c BK 
952 |0 0  |1 0  |2 ddc  |4 0  |6 745_200000000000000_FER_2008  |7 0  |8 A  |9 562258  |a BIBARQ  |b BIBARQ  |d 2020-04-01  |e 65  |g 136787.00  |i 5575540  |l 3  |m 1  |o 745.2 FER 2008  |p 5575540  |r 2025-01-20  |s 2022-09-29  |t 1  |v 136787.00  |w 2020-04-01  |y BK  |k ARQ